| 000 | 00549nam a2200193 a 4500 | ||
|---|---|---|---|
| 001 | 2138 | ||
| 003 | CDMR | ||
| 005 | 20131112173329.0 | ||
| 008 | 130130s1987||||||||||||||||||||||||||||d | ||
| 040 |
_aCDMR _bcat _cCDMR |
||
| 100 | 1 |
_aMarsa Vancells, Plutarco _91593 |
|
| 245 | 1 | 3 |
_aLa mujer en el periodismo _cPlutarco Marsá Vancells |
| 260 |
_aMadrid _c1987 _bTorremozas |
||
| 300 | _a304 p. | ||
| 650 | 0 | 4 |
_94297 _aDones periodistes _xDirectoris |
| 650 | 0 | 4 |
_94233 _aDones en el periodisme |
| 650 | 0 | 4 |
_92802 _aCorresponsals estrangers |
| 942 |
_cMON _2udc |
||
| 999 |
_c2138 _d2138 |
||